00628nac a22001571u 4500020001500000082001700015090001300032100003400045245015200079260003100231300002700262650002200289942001900311999001300330952012700343 a8177222244 a005.8bM6431 c428d428 aMiles, Wyman  aHack proofing sun solaris 8:bprotect your solaris network from attack/cMiles, Wyman, Ed Mitchell, F. William Lynch; Randy Cook, technical editor. aNew Delhi:bSyngressc2002 a393 p. :billus. ;ccm aComputer security cBBk005.8M6431 c428d428 00102ddc40708 aMAINbMAINcLOWd2013-04-06epurchaseg95.00l0o005.8 MILp000004197r2025-07-15 00:00:00v118.75yBB